Statistics for 国宝指定の建造物

Click here to take the quiz!

General Stats

  • This quiz has been taken 48 times
  • The average score is 68 of 231

Answer Stats

指定番号所在地Answer% Correct
00125奈良県奈良市東大寺本坊経庫
86%
00011兵庫県姫路市姫路城大天守
86%
00124奈良県奈良市東大寺開山堂
86%
00017奈良県奈良市東大寺法華堂
86%
00016奈良県奈良市東大寺南大門
86%
00015兵庫県姫路市姫路城イ、ロ、ハ、ニの渡櫓
86%
00013兵庫県姫路市姫路城乾小天守
86%
00012兵庫県姫路市姫路城西小天守
86%
00014兵庫県姫路市姫路城東小天守
86%
00057奈良県奈良市東大寺金堂(大仏殿)
86%
00058奈良県奈良市東大寺転害門
86%
00224奈良県奈良市東大寺二月堂
86%
00123奈良県奈良市東大寺鐘楼
86%
00010京都府宇治市平等院鳳凰堂中堂、両翼廊(北)、両翼廊(南)及び尾廊
83%
00034栃木県日光市東照宮東西透塀(東透塀及び西透塀)
81%
00032栃木県日光市東照宮本殿、石の間及び拝殿
81%
00040長野県松本市松本城天守、乾小天守、渡櫓、辰巳附櫓及び月見櫓
81%
00033栃木県日光市東照宮正面及び背面唐門
81%
00036栃木県日光市東照宮東西廻廊(東廻廊及び西廻廊)
81%
00035栃木県日光市東照宮陽明門
81%
00044愛知県犬山市犬山城天守
78%
00104奈良県生駒郡斑鳩町法隆寺食堂及び細殿
75%
00028奈良県生駒郡斑鳩町法隆寺東院夢殿
75%
00095奈良県生駒郡斑鳩町法隆寺東大門
75%
00128奈良県生駒郡斑鳩町法隆寺南大門
75%
00029奈良県生駒郡斑鳩町法隆寺東院伝法堂
75%
00023奈良県生駒郡斑鳩町法隆寺中門
75%
00027奈良県生駒郡斑鳩町法隆寺大講堂
75%
00026奈良県生駒郡斑鳩町法隆寺経蔵
75%
00175奈良県生駒郡斑鳩町法隆寺三経院及び西室
75%
00174奈良県生駒郡斑鳩町法隆寺西円堂
75%
00173奈良県生駒郡斑鳩町法隆寺東院鐘楼
75%
00094奈良県生駒郡斑鳩町法隆寺聖霊院
75%
00203奈良県生駒郡斑鳩町法隆寺金堂
75%
00216奈良県生駒郡斑鳩町法隆寺東室
75%
00021奈良県生駒郡斑鳩町法隆寺金堂
75%
00022奈良県生駒郡斑鳩町法隆寺五重塔
75%
00218奈良県生駒郡斑鳩町法隆寺綱封蔵
75%
00024奈良県生駒郡斑鳩町法隆寺廻廊東廻廊及び西廻廊
75%
00025奈良県生駒郡斑鳩町法隆寺鐘楼
75%
00088京都府京都市東山区清水寺本堂
72%
00045滋賀県彦根市彦根城天守、附櫓及び多聞櫓
72%
00076広島県廿日市市厳島神社
本社本殿、幣殿、拝殿、本社祓殿、摂社客神社本殿、幣殿、
拝殿、摂社客神社祓殿、廻廊(東廻廊)及び廻廊(西廻廊)
72%
00111滋賀県大津市延暦寺根本中堂
64%
00001岩手県西磐井郡平泉町中尊寺金色堂
64%
00073島根県出雲市出雲大社本殿
64%
00075京都府京都市中京区二条城
二の丸御殿遠侍及び車寄、式台、大広間、蘇鉄之間、
黒書院(小広間)及び白書院(御座の間)
61%
00007京都府京都市左京区慈照寺銀閣
58%
00006京都府京都市左京区慈照寺東求堂
58%
00118京都府京都市南区教王護国寺金堂
56%
00070和歌山県伊都郡高野町金剛峯寺不動堂
56%
00199京都府京都市南区観智院客殿
56%
00953島根県松江市松江城天守
56%
00087京都府京都市南区教王護国寺蓮花門
56%
00086京都府京都市南区教王護国寺五重塔
56%
00190京都府京都市南区教王護国寺大師堂(西院御影堂)
56%
00116京都府京都市下京区本願寺唐門
50%
00117京都府京都市下京区本願寺北能舞台
50%
00085京都府京都市下京区本願寺書院(対面所及び白書院)
50%
00230京都府京都市下京区本願寺御影堂
50%
00231京都府京都市下京区本願寺阿弥陀堂
50%
00184京都府京都市下京区本願寺黒書院及び伝廊
50%
00005京都府京都市下京区本願寺飛雲閣
50%
00234京都府八幡市石清水八幡宮
本社本殿、摂社武内社本殿、瑞籬、幣殿、舞殿、楼門、東門、
西門、廻廊(楼門東門間)、廻廊(楼門西門間)及び廻廊(背面)
47%
00152奈良県奈良市唐招提寺経蔵
44%
00102大分県宇佐市宇佐神宮本殿第一殿、第二殿及び第三殿
44%
00020奈良県奈良市唐招提寺金堂
44%
00151奈良県奈良市唐招提寺鼓楼
44%
00093奈良県奈良市唐招提寺講堂
44%
00200奈良県奈良市唐招提寺宝蔵
44%
00019奈良県奈良市薬師寺東塔
39%
00211奈良県奈良市薬師寺東院堂
39%
00232群馬県富岡市旧富岡製糸場繰糸所、東置繭所及び西置繭所
39%
00060奈良県奈良市興福寺三重塔
33%
00062奈良県奈良市興福寺東金堂
33%
00186奈良県奈良市春日大社本社本殿第一殿、第二殿、第三殿及び第四殿
33%
00048京都府京都市東山区蓮華王院本堂(三十三間堂)
33%
00145京都府京都市左京区南禅寺方丈
33%
00106長野県長野市善光寺本堂
33%
00061奈良県奈良市興福寺五重塔
33%
00059奈良県奈良市興福寺北円堂
33%
00080滋賀県大津市石山寺本堂
31%
00079滋賀県大津市勧学院客殿
31%
00223奈良県桜井市長谷寺本堂
31%
00078滋賀県大津市光浄院客殿
31%
00004滋賀県大津市石山寺多宝塔
31%
00109滋賀県大津市園城寺金堂
31%
00110滋賀県大津市園城寺新羅善神堂
31%
00142京都府京都市左京区賀茂御祖神社東本殿及び西本殿
28%
00221京都府京都市東山区知恩院三門
28%
00222京都府京都市東山区知恩院本堂(御影堂)
28%
00189京都府京都市北区大徳寺方丈及び玄関
25%
00187京都府京都市北区大仙院本堂
25%
00047京都府京都市北区大徳寺唐門
25%
00141京都府京都市北区賀茂別雷神社本殿及び権殿
25%
00139長崎県長崎市大浦天主堂
25%
00210京都府京都市龍光院書院
25%
00240京都府京都市東山区八坂神社本殿
25%
00214京都府京都市東山区竜吟庵方丈
22%
00089京都府宇治市宇治上神社拝殿
22%
00049京都市東山区東福寺三門
22%
00201京都府京都市上京区北野天満宮本殿、石の間、拝殿及び楽の間
22%
00050京都府宇治市宇治上神社本殿
22%
00146京都府京都市右京区仁和寺金堂
19%
00241鹿児島県霧島市霧島神宮本殿・幣殿及び拝殿
19%
00202京都府京都市伏見区醍醐寺金堂
17%
00226東京都港区旧東宮御所(迎賓館赤坂離宮)
17%
00227静岡県静岡市駿河区久能山東照宮本殿、石の間及び拝殿
17%
00198京都府京都市伏見区醍醐寺薬師堂
17%
00162京都府京都市伏見区醍醐寺清滝宮拝殿
17%
00164京都府京都市伏見区三宝院唐門
17%
00008京都府京都市伏見区醍醐寺五重塔
17%
00170京都府京都市伏見区三宝院殿堂
17%
00071鳥取県東伯郡三朝町三仏寺奥院(投入堂)
17%
00147大阪府大阪市住吉区住吉大社本殿第一殿、第二殿、第三殿及び第四殿
14%
00030奈良県生駒郡斑鳩町法起寺三重塔
14%
00031奈良県宇陀市室生寺五重塔
14%
00002神奈川県鎌倉市円覚寺舎利殿
14%
00065奈良県宇陀市室生寺本堂(灌頂堂)
14%
00064奈良県宇陀市室生寺金堂
14%
00239長野県松本市旧開智学校校舎
14%
00219奈良県奈良市正倉院正倉
14%
00052京都府木津川市浄瑠璃寺三重塔(九体寺三重塔)
11%
00157奈良県吉野郡吉野町金峯山寺二王門
11%
00092奈良県奈良市新薬師寺本堂
11%
00051京都府木津川市浄瑠璃寺本堂(九体寺本堂)
11%
00056兵庫県加西市一乗寺三重塔
11%
00167奈良県天理市石上神宮拝殿
11%
00168奈良県天理市石上神宮摂社出雲建雄神社拝殿
11%
00204奈良県奈良市元興寺極楽坊本堂
11%
00205奈良県奈良市元興寺極楽坊五重小塔
11%
00156奈良県吉野郡吉野町金峯山寺本堂
11%
00206奈良県奈良市元興寺極楽坊禅室
11%
00041長野県上田市安楽寺八角三重塔
11%
00207滋賀県大津市日吉大社西本宮本殿及び拝殿
11%
00208滋賀県大津市日吉大社東本宮本殿及び拝殿
11%
00119京都府京都市東山区豊国神社唐門
11%
00074岡山県岡山市北区吉備津神社本殿及び拝殿
11%
00003愛知県犬山市如庵
11%
00217山形県鶴岡市羽黒山五重塔
11%
00229栃木県足利市鑁阿寺本堂
8%
00169奈良県宇陀市宇太水分神社本殿第一殿、第二殿及び第三殿
8%
00084滋賀県犬上郡甲良町西明寺三重塔
8%
00177岐阜県多治見市永保寺開山堂
8%
00055兵庫県小野市浄土寺浄土堂(阿弥陀堂)
8%
00054大阪府河内長野市観心寺金堂
8%
00160岡山県備前市旧閑谷学校講堂
8%
00083滋賀県犬上郡甲良町西明寺本堂
8%
00038福島県いわき市阿弥陀堂(白水阿弥陀堂)
8%
00197宮城県宮城郡松島町瑞巖寺庫裏及び廊下
8%
00220富山県高岡市瑞龍寺仏殿、法堂及び山門
8%
00121京都府京都市右京区高山寺石水院(五所堂)
8%
00213岐阜県高山市安国寺経蔵
8%
00133広島県尾道市浄土寺本堂
8%
00134広島県尾道市浄土寺多宝塔
8%
00043岐阜県多治見市永保寺観音堂
8%
00114滋賀県湖南市常楽寺三重塔
8%
00113滋賀県湖南市常楽寺本堂
8%
00105宮城県宮城郡松島町瑞巖寺本堂(元方丈)
8%
00096和歌山県岩出市根来寺多宝塔(大塔)
8%
00236三重県津市専修寺御影堂
8%
00237三重県津市専修寺如来堂
8%
00238沖縄県那覇市玉陵
墓室(東室)、墓室(中室)、墓室(西室)、
石牆(外周石牆)及び石牆(中央石牆)
8%
00194京都府京都市上京区大報恩寺本堂(千本釈迦堂)
6%
00225熊本県人吉市青井阿蘇神社本殿、廊、幣殿、拝殿及び楼門
6%
00188京都府京都市東山区妙法院庫裏
6%
00181愛知県西尾市金蓮寺弥陀堂
6%
00212奈良県葛城市當麻寺本堂(曼荼羅堂)
6%
00192広島県広島市東区不動院金堂
6%
00122奈良県奈良市般若寺楼門
6%
02163埼玉県熊谷市歓喜院聖天堂
6%
00161滋賀県湖南市善水寺本堂
6%
00098山口県山口市瑠璃光寺五重塔
6%
00149大阪府堺市南区桜井神社拝殿
6%
00153奈良県奈良市秋篠寺本堂
6%
00091兵庫県加古川市鶴林寺太子堂
6%
00090兵庫県加古川市鶴林寺本堂
6%
00081滋賀県野洲市御上神社本殿
6%
00077宮城県仙台市青葉区大崎八幡宮
6%
00103栃木県日光市輪王寺大猷院霊廟本殿・相の間及び拝殿
6%
00069奈良県五條市榮山寺八角堂
6%
00067奈良県葛城市當麻寺西塔
6%
00066奈良県葛城市當麻寺東塔
6%
00053京都府木津川市海住山寺五重塔
6%
00039東京都東村山市正福寺地蔵堂
6%
00120京都府京都市右京区広隆寺桂宮院本堂
6%
00018奈良県奈良市海竜王寺五重小塔
6%
00179山梨県甲州市大善寺本堂
6%
00009京都府京都市伏見区法界寺阿弥陀堂
6%
00099愛媛県松山市石手寺二王門
6%
00115滋賀県長浜市都久夫須麻神社本殿
3%
00112滋賀県湖南市長寿寺本堂
3%
00129和歌山県海南市長保寺本堂
3%
00107長野県小県郡青木村大法寺三重塔
3%
00082滋賀県愛知郡愛荘町金剛輪寺本堂
3%
00100高知県長岡郡大豊町豊楽寺薬師堂
3%
00097和歌山県伊都郡高野町金剛三昧院多宝塔
3%
00130和歌山県海南市長保寺多宝塔
3%
00072島根県松江市神魂神社本殿
3%
00037京都府乙訓郡大山崎町妙喜庵書院及び茶室(待庵)
3%
00242富山県高岡市勝興寺本堂・大広間及び式台
3%
00215広島県福山市明王院本堂
3%
00180山梨県山梨市清白寺仏殿
3%
00131和歌山県海南市長保寺大門
3%
00196長野県大町市仁科神明宮本殿及び中門(前殿)
3%
00183兵庫県神戸市西区本山寺本堂
3%
00185愛媛県松山市太山寺本堂
3%
00178大分県豊後高田市富貴寺大堂
3%
00176香川県坂出市神谷神社本殿
3%
00171滋賀県蒲生郡竜王町苗村神社西本殿
3%
00166兵庫県加東市朝光寺本堂
3%
00165京都府綾部市光明寺二王門
3%
00191奈良県奈良市十輪院本堂
3%
00193広島県尾道市向上寺三重塔
3%
00159山口県下関市住吉神社本殿
3%
00195奈良県奈良市圓成寺春日堂及び白山堂
3%
00158山口県下関市功山寺仏殿
3%
00132和歌山県海南市善福院釈迦堂
3%
00155奈良県奈良市霊山寺本堂
3%
00154奈良県生駒市長弓寺本堂
3%
00150大阪府泉佐野市慈眼院多宝塔
3%
00148大阪府貝塚市孝恩寺観音堂
3%
00144福井県小浜市明通寺三重塔
3%
00143福井県小浜市明通寺本堂
3%
00140滋賀県長浜市宝厳寺唐門
3%
00138長崎県長崎市崇福寺第一峰門
3%
00137長崎県長崎市崇福寺大雄宝殿
3%
00209滋賀県野洲市大笹原神社本殿
3%
00136愛媛県松山市大宝寺本堂
3%
00182兵庫県神戸市西区太山寺本堂
3%
00135広島県福山市明王院五重塔
3%

Score Distribution

Percentile by Number Answered

Percent of People with Each Score

Your Score History

You have not taken this quiz